000 00545cam a2200169 4500500
005 20260329004037.0
041 _afre
042 _adc
100 1 0 _ade Oliveira, Victorine
_eauthor
245 0 0 _aLa Langue géniale. 9 bonnes raisons d’aimer le grec
260 _c2018.
500 _a81
690 _aAndrea Marcolongo
690 _aGrec
786 0 _nPhilosophie magazine | 118 | 4 | 2018-04-01 | p. 60-60 | 1951-1787
856 4 1 _uhttps://shs.cairn.info/magazine-philosophie-magazine-2018-4-page-60?lang=fr&redirect-ssocas=7080
999 _c1830076
_d1830076